• 首页
  • 本馆介绍
  • 公告通知
  • 最新文献
  • 馆藏检索
  • 电子资源
  • 读者导购
  • 参考咨询
  • 我的图书馆
  • 登录
  • 详细信息显示
  • 放入我的书架
  • 预约/预借图书
  • 作者相关作品
  • 分类相关作品
  • 丛书相关作品
  • 出版社相关作品

书目信息

  • 表格格式
  • 工作单格式
  • 卡片格式
题名:
户外教室
    
 
作者: 纳托尔 著 ;米林顿 , 帅莱 , 刘易楠 , 刘云帆 著
分册:  
出版信息: 北京   电子工业出版社  2017
页数: 174页
开本: 28cm
丛书名:
单 册:
中图分类: TU986.5-62
科图分类:
主题词: 校园--花园--园林设计--手册
电子资源:
ISBN: 978-7-121-32358-4
000 01101nam0 2200289 450
001 3374
005 20180527152347.04
010    @a978-7-121-32358-4@dCNY69.00
100    @a20171018d2017 em y0chiy50 ea
101 1  @achi@ceng
102    @aCN@b110000
105    @aa z 000yy
200 1  @a户外教室@9hu wai jiao shi@dOutdoor classrooms@ea handbook for school gardens@e学校花园手册@f(澳)卡罗琳·纳托尔(Carolyn Nuttall), (澳)珍妮特·米林顿(Janet Millington)著@g帅莱, 刘易楠, 刘云帆译@zeng
210    @a北京@c电子工业出版社@d2017
215    @a174页@c图@d28cm
305    @a由Permanent Publications授权出版
510 1  @aOutdoor classrooms@ea handbook for school gardens@zeng
517 1  @a学校花园手册@9xue xiao hua yuan shou ce
606 0  @a校园@x花园@x园林设计@j手册
690    @aTU986.5-62@v5
701  1 @c(澳)@a纳托尔@9na tuo er@gNuttall, C.@4著
702  1 @c(澳)@a米林顿@9mi lin dun@gMillington, J.@4著
702  0 @a帅莱@9shuai lai@4译
702  0 @a刘易楠@9liu yi nan@4译
702  0 @a刘云帆@9liu yun fan@4译
801  0 @aCN@b91MARC@c20171018
905    @aMuseLib@dTU986.5-62@e1409
    
    户外教室=Outdoor classrooms:a handbook for school gardens:学校花园手册/(澳)卡罗琳·纳托尔(Carolyn Nuttall), (澳)珍妮特·米林顿(Janet Millington)著/帅莱, 刘易楠, 刘云帆译.-北京:电子工业出版社,2017
    174页:图;28cm
    
    
    ISBN 978-7-121-32358-4:CNY69.00
    
●
相关链接 在E读中查询图书 在五车中查询图书 在当当中查询图书 在豆瓣中查询图书


正题名:户外教室     索取号:TU986.5-62/1409         预约/预借

序号 登录号 条形码 馆藏地/架位号 状态 备注
1 1108954   211089542   第二样本阅览室/ [索取号:TU986.5-62/1409] 在馆    
2 1108955   211089551   教育系资料室/ [索取号:TU986.5-62/1409] 在馆    
3 1108956   211089560   教育系资料室/ [索取号:TU986.5-62/1409] 在馆    
4 1108957   211089579   第三借阅区/ [索取号:TU986.5-62/1409] 在馆    
唐山师范学院图书馆 欢迎您!
大连网信软件有限公司© 版权所有